Caracterización de la problemática de la vivienda en el contexto de la situación de pobreza crítica urbana /
Zapisane w:
| 1. autor: | |
|---|---|
| Kolejni autorzy: | |
| Format: | Texto |
| Wydane: |
San José:
Instituto Centroamericano de Administración Pública (ICAP)
|
| Etykiety: |
Dodaj etykietę
Nie ma etykietki, Dołącz pierwszą etykiete!
|
MARC
| LEADER | 00000 a a2200000 04500 | ||
|---|---|---|---|
| 001 | 21311 | ||
| 003 | |||
| 040 | |a CRAI/IIS |c CRAI/IIS | ||
| 090 | |a 093300 | ||
| 100 | |a Cardona, Rokael | ||
| 245 | |a Caracterización de la problemática de la vivienda en el contexto de la situación de pobreza crítica urbana / |c Rokael Cardona | ||
| 260 | |a San José: |b Instituto Centroamericano de Administración Pública (ICAP) | ||
| 300 | |a 53 p. | ||
| 700 | |a Mijangos, Eugenia | ||
| 999 | |c 16805 |d 16805 | ||
